000
00215nam a22000857a 4500
008
160914b xxu||||| |||| 00| 0 eng d
100
_9
444
_a
CBSE
245
_a
Social Studies-3
260
_a
New Delhi
_b
GBP Publications
_c
2011
999
_c
3103
_d
3103